000 01584cam a22004217a 4500
003 CHAP
005 20220329142744.0
008 010920s2001 mx r 00010 spa d
010 _a87308
011 _a88280
035 _a98825
040 _cCHAP
090 _aTesis
100 0 0 _aCanché Mis, C. José F.
_918298
245 1 0 _aVientos dominantes y máximos en 24 horas, su caracterización en la estación meteorológica de Chapingo, México
_c/por C. José F. Canché Mis
260 _aChapingo, Méx. :
_bEl autor,
_c2003.
300 _a80 h. ;
_bcuadros ; gráfs.
502 _aTesis (Ing. en Irrigación) -- UACH. Departamento de Irrigación
530 _aTambién disponible en línea
590 _aALEPH
_b10
_c20130110
_lUCH01
_h1454
590 _aBATCH-UPD
_b10
_c20130110
_lUCH01
_h0502
590 _aBATCH-UPD
_b10
_c20130410
_lUCH01
_h0140
590 _aBATCH-UPD
_b10
_c20130410
_lUCH01
_h1610
590 _aBATCH-UPD
_b10
_c20130914
_lUCH01
_h0832
590 _aBATCH-UPD
_b10
_c20140324
_lUCH01
_h1438
590 _aBATCH-UPD
_b10
_c20141002
_lUCH01
_h0818
590 _aBATCH
_b00
_c20181121
_lUCH01
_h0759
590 _aCONVERSION
_b10
_c20130109
_lUCH01
_h1348
650 1 4 _aEstaciones meteorológicas
_xMéxico.
_938198
650 1 4 _aVientos
_xVelocidad.
_9119293
856 _3Finding aid
_uhttp://10.13.5.2/tesis/98825.pdf
_zTeclea aqui
856 _a1
_n0001225
901 _aBK
905 _aAlejandra Carrasco M.
942 _cFOLL
949 _aTesis
_bBC
_cTES
_d33724000894838
_eTS2
_fc.2
_h41004
_i98825
_sb
949 _aTesis
_bBC
_cTES
_d988251
_eTS1
_h41003
_i98825
_sb
999 _c87308
_d87308